<?xml version="1.0" encoding="UTF-8"?>
<marc:record xmlns:marc="http://www.loc.gov/MARC21/slim">
   <marc:leader>00000nam a2200000 a 4500</marc:leader>
   <marc:datafield ind1="1" ind2=" " tag="100">
      <marc:subfield code="a">Lindgren, Astrid</marc:subfield>
      <marc:subfield code="4">aut</marc:subfield>
      <marc:subfield code="e">Verfasser/-in</marc:subfield>
   </marc:datafield>
   <marc:datafield ind1=" " ind2=" " tag="653">
      <marc:subfield code="a">Klassiker</marc:subfield>
   </marc:datafield>
   <marc:datafield ind1="0" ind2="0" tag="245">
      <marc:subfield code="a">Immer dieser Michel</marc:subfield>
   </marc:datafield>
   <marc:datafield ind1="0" ind2="0" tag="245">
      <marc:subfield code="c">Astrid Lindgren. Dt. von Karl Kurt Peters. Zeichn. von Björn Berg</marc:subfield>
   </marc:datafield>
   <marc:datafield ind1=" " ind2="1" tag="264">
      <marc:subfield code="a">Hamburg</marc:subfield>
      <marc:subfield code="b">Oetinger</marc:subfield>
      <marc:subfield code="c">2006</marc:subfield>
   </marc:datafield>
   <marc:datafield ind1="1" ind2=" " tag="520">
      <marc:subfield code="a">Michel, fünf Jahre alt und stark wie ein kleiner Ochse, lebt auf dem Hof Katthult in Lönneberga, das ist ein Dorf in Småland in Südschweden. Mit seinen runden blauen Augen und dem hellen wolligen Haar könnte man ihn fast für einen Engel halten - wenn er schläft. Aber wenn er nicht schläft, dann hat er mehr Unsinn im Kopf als irgendein anderer Junge in ganz Lönneberga oder ganz Småland oder ganz Schweden oder vielleicht sogar auf der ganzen Welt! Die Gesamtausgabe enthält die Einzelbände "Michel in der Suppenschüssel", "Michel muss mehr Männchen machen" und "Michel bringt die Welt in Ordnung".</marc:subfield>
   </marc:datafield>
   <marc:datafield ind1=" " ind2=" " tag="020">
      <marc:subfield code="a">9783789129469</marc:subfield>
      <marc:subfield code="9">9783789129469</marc:subfield>
   </marc:datafield>
   <marc:datafield ind1=" " ind2=" " tag="041">
      <marc:subfield code="a">ger</marc:subfield>
   </marc:datafield>
   <marc:datafield ind1="1" ind2=" " tag="521">
      <marc:subfield code="a">0</marc:subfield>
   </marc:datafield>
   <marc:datafield ind1=" " ind2=" " tag="300">
      <marc:subfield code="a">360 S. : Ill.</marc:subfield>
   </marc:datafield>
</marc:record>
